Cardiologia y cirugia cardiovascular infantil (Registro nro. 2964)

Detalles MARC
000 -LEADER
fixed length control field 00288dam a22001097a 4500
008 - FIXED-LENGTH DATA ELEMENTS--GENERAL INFORMATION
fixed length control field 190510e1993 ag ||||| |||| 00| 0 spa d
100 ## - MAIN ENTRY--PERSONAL NAME
Personal name Kreutzer, Eduardo
245 ## - TITLE STATEMENT
Title Cardiologia y cirugia cardiovascular infantil
250 ## - EDITION STATEMENT
Edition statement 1a ed.
260 ## - PUBLICATION, DISTRIBUTION, ETC. (IMPRINT)
Place of publication, distribution, etc Buenos Aires
Name of publisher, distributor, etc Doyma
Date of publication, distribution, etc 1993
500 ## - GENERAL NOTE
General note Baja
Existencias
Withdrawn status Lost status Source of classification or shelving scheme Damaged status Use restrictions Not for loan Location (home branch) Sublocation or collection (holding branch) Date acquired Koha issues (times borrowed) Piece designation (barcode) Koha date last seen Copy number Price effective from Koha item type Public note
    Dewey Decimal Classification   Restricted Access Not For Loan Biblioteca Medicina Biblioteca Medicina 10/05/2019   1670 10/05/2019 Ej. 1 10/05/2019 Libros Baja

UNIVERSIDAD NACIONAL DEL COMAHUE
Biblioteca de la Facultad de Ciencias Médicas
Sede Toschi: Los Arrayanes y Av. Toschi, Cipolletti  - Rio Negro
Sede Los Tordos:  Yrigoyen al 2211, Cipolletti - Rio Negro 

Teléfono: 0299 - 4774707 int 25
Contacto: biblioteca@facimed.uncoma.edu.ar
© 2011 - 2026